Estudio de la prefactibilidad para la creación de una empresa comercializadora de piña (Ananás Comosus) (L) Merril) MD-2 hacia los Estados Unidos de Norteamérica, ubicada en el municipio de Ticuantepe, Managua

A nivel mundial el mercado de los Estados Unidos de Norteamérica es uno de los más grandes para la comercialización de piña de la variedad MD-2 con una demanda potencial que no logra ser atendida completamente y de la que se tienen expectativas favorables y una rentabilidad sustancial, por tal...

Full description

Bibliographic Details
Main Authors: Ballesteros Toledo, Wendy de los A., Aragón Barquero, Patricia Verónica
Other Authors: Tutor: Caldera Alfaro, Mario José
Format: Tesis Section = Libro
Language:Undetermined
Spanish
Published: Managua UNI 2007
Subjects:
LEADER 01728nam a2200277Ia 4500
008 240830s9999 xx 000 0 und d
040 |a BIBLIOTECA-RUPAP Mon 658.11 B188 
041 |a spa 
082 |a Mon 658.11 B188 
100 1 |a Ballesteros Toledo, Wendy de los A. 
100 1 |b  Aragón Barquero, Patricia Verónica 
245 1 0 |a Estudio de la prefactibilidad para la creación de una empresa comercializadora de piña (Ananás Comosus) (L) Merril) MD-2 hacia los Estados Unidos de Norteamérica, ubicada en el municipio de Ticuantepe, Managua 
260 |a Managua  |b UNI  |c 2007 
300 |a 217 p. :il. 
500 |a Contiene: anexos e Incluye: CD. 
502 |a Tesis (Ingeniero de Sistemas)- UNI, 2007. 
520 3 |a A nivel mundial el mercado de los Estados Unidos de Norteamérica es uno de los más grandes para la comercialización de piña de la variedad MD-2 con una demanda potencial que no logra ser atendida completamente y de la que se tienen expectativas favorables y una rentabilidad sustancial, por tal razón se plantea el estudio de prefactibilidad para la creación de una empresa comercializadora de piña (ananas comosus (2) cerril MD 2 hacia los Estados Unidos de Norteamérica en el Municipio de Ticuantepe Managua con el fin de precisar una solución al menudo nivel de las exportaciones de piña fresca en Nicaragua. 
650 7 |a INICIACION DE EMPRESA DE NEGOCIO - COMERCIALIZADORA DE PIÑA -TICUANTEPE 
650 7 |b CONTROL Y EMPAQUE DE PRODUCTOS 
650 7 |c ESTUDIO DE PREFACTIBILIDAD 
650 7 |d ESTUDIO DE MERCADO 
650 7 |e ANALISIS Y DISEÑO-APLICACION WED 
700 1 |a Tutor:  |b Caldera Alfaro, Mario José 
942 |c BK  |2 ddc 
991 |a TESIS 
999 |c 16853